| 000 -LEADER |
| fixed length control field |
01448nam a2200253Ia 4500 |
| 001 - CONTROL NUMBER |
| control field |
10298 |
| 003 - CONTROL NUMBER IDENTIFIER |
| control field |
GE_BSU |
| 008 - FIXED-LENGTH DATA ELEMENTS--GENERAL INFORMATION |
| fixed length control field |
181216s||||||||xx |||||||||||||| ||und|| |
| 020 ## - INTERNATIONAL STANDARD BOOK NUMBER |
| International Standard Book Number |
99940-833-9-2 |
| 040 ## - CATALOGING SOURCE |
| Transcribing agency |
GE_BSU |
| 080 ## - UNIVERSAL DECIMAL CLASSIFICATION NUMBER |
| Universal Decimal Classification number |
821.353.1–32 |
| 100 ## - MAIN ENTRY--PERSONAL NAME |
| Personal name |
ტურაშვილი, დათო |
| 245 ## - TITLE STATEMENT |
| Title |
აჩიბაბა და ორმოცი ყოჩაღი |
| 245 ## - TITLE STATEMENT |
| Statement of responsibility, etc. |
რედ. თამარ ებრალიძე ; მხატვ. რევაზ ებრალიძე |
| 260 ## - PUBLICATION, DISTRIBUTION, ETC. |
| Place of publication, distribution, etc. |
თბილისი |
| 260 ## - PUBLICATION, DISTRIBUTION, ETC. |
| Name of publisher, distributor, etc. |
ლიტერა |
| 260 ## - PUBLICATION, DISTRIBUTION, ETC. |
| Date of publication, distribution, etc. |
2005 |
| 300 ## - PHYSICAL DESCRIPTION |
| Extent |
223 გვ. ; 19 სმ |
| 653 ## - INDEX TERM--UNCONTROLLED |
| Uncontrolled term |
აჩიბაბა და ორმოცი ყოჩაღი |
| 653 ## - INDEX TERM--UNCONTROLLED |
| Uncontrolled term |
კერუაკის გზა; ჩემი ირლანდიელი პაპა; ვიღაც ძალიან, ძალიან ლამაზი გოგო; დონ პეპე; აჩიბაბა და ორმოცი ყოჩაღი |
| 653 ## - INDEX TERM--UNCONTROLLED |
| Uncontrolled term |
ტატაშ მარშანი; ხვალ ჩვენს ეზოსაც გადაუფრენენ; ამ ოჯახში მტრედი ბუდეს იკეთებს; იყო ასეთი ქალაქი; ჯამაიკა; მეორედ მოსვლა; ჯგრაგი; ვესტი; ვენდი; ი.რ.ა; |
| 942 ## - ADDED ENTRY ELEMENTS (KOHA) |
| Koha item type |
წიგნი |